| 000 | 00742cab a2200217 4500 | ||
|---|---|---|---|
| 001 | WB2820-64 | ||
| 008 | 090401t1992 xxu||||| |||| 00| 0 eng d | ||
| 035 | _a(Sirsi) u13145 | ||
| 041 | _aeng | ||
| 245 | _aDecline of forests | ||
| 260 | _c1992 | ||
| 350 | _a0 | ||
| 490 |
_aTimes _v20 May 1992, 5(2) |
||
| 520 | _aBritain is failing to expand its forests and woods because of confused signals from the Government according to the Forestry Industry Committee of Great Britain. Action to stop forestry investment from being used for tax avoidance has caused a drastic decline in tree planting. | ||
| 650 | _aFORESTRY | ||
| 650 | _aGRANTS | ||
| 650 | _aTREE PLANTING | ||
| 690 | _aRURAL PRACTICE | ||
| 942 | _n0 | ||
| 948 | _c04/03/1997 | ||
| 999 |
_c8454 _d8454 |
||